000 00613nam a22002297a 4500
003 UA-OsUOA
001 86783
007 ta
008 20120911b un ||||| |||| 00| 0 ukr d
100 _aВойцехович В. О.
090 _a94(477).093
_bВ65
942 _cBK
040 _aUA-OsUOA
_bukr
_cUA-OsUOA
_dUA-OsUOA
245 _aФронт на Поліссі
300 _a429 с.
955 _a4
041 _aukr
080 _a94(477).093
260 _aК.
_bПолітвидав України
_c1975
650 7 _a9 Географія. Біографії. Історія
_2UDC
999 _c372956
_d372956